|
|
|
|
| LEADER |
04213nam a22004337a 4500 |
| 001 |
0006934 |
| 003 |
BD-DhAAL |
| 005 |
20250714114933.0 |
| 008 |
140401s2008 b a|||| |||| 00| 0 ben d |
| 020 |
|
|
|a 984404006X
|
| 040 |
|
|
|a BD-DhAAL
|c BD-DhAAL
|
| 082 |
|
|
|2 22
|a 954.9205
|
| 100 |
|
|
|a শফী, বেগম মুশতারী
|9 4229
|
| 245 |
|
|
|a স্বাধীনতা আমার রক্ত ঝরা দিন :
|b বাংলাদেশ ইতিহাস পরিষদ কর্তৃক মুক্তিযুদ্ধভিত্তিক শ্রেষ্ঠ গ্রন্থ হিসেবে পুরস্কৃত - ১৩৯৬ বাংলা /
|c বেগম মুশতারী শফী.
|
| 260 |
|
|
|a ঢাকা :
|b অনুপম প্রকাশনী,
|c ২০০৮.
|
| 300 |
|
|
|a ৩১৯ পৃষ্ঠা :
|b চিত্র ;
|c ২৩ সে.মি.
|
| 526 |
|
|
|a AAL
|x Kh Ali Murtoza,
Ayesha Abed Library, BRAC University
|
| 541 |
|
|
|e 0006934, 0017350, 0017351
|a Fair Deal
|
| 650 |
|
|
|a Bangladesh
|x History
|x Revolution
|y 1971.
|9 2750
|
| 852 |
|
|
|a Ayesha Abed Library
|c General Stacks
|
| 942 |
|
|
|2 ddc
|c BK
|
| 999 |
|
|
|c 14275
|d 14275
|
| 952 |
|
|
|0 0
|1 0
|2 ddc
|4 0
|6 954_920500000000000_SHA
|7 0
|9 24104
|a BRACUL
|b BRACUL
|c BNC
|d 2014-04-01
|e Fair Deal
|g 197.50
|l 1
|m 4
|o 954.9205 SHA
|p 3010017350
|r 2014-09-01
|s 2014-08-16
|t 16
|w 2014-04-01
|y BK
|x Requisitioned by Kh Ali Murtoza, Ayesha Abed Library, BRAC University.
|
| 952 |
|
|
|0 0
|1 0
|2 ddc
|4 0
|6 954_920500000000000_SHA
|7 0
|9 43971
|a SCL
|b SCL
|c GEN
|d 2008-07-28
|g 198.00
|l 1
|m 6
|o 954.9205 SHA
|p 3020006943
|r 2017-07-05
|s 2017-05-23
|t 10
|w 2014-11-05
|y BK
|
| 952 |
|
|
|0 0
|1 0
|2 ddc
|4 0
|6 954_920500000000000_SHA
|7 0
|9 43972
|a SCL
|b SCL
|c GEN
|d 2008-07-28
|g 198.00
|l 0
|o 954.9205 SHA
|p 3020006939
|r 2014-11-05
|t 6
|w 2014-11-05
|y BK
|
| 952 |
|
|
|0 0
|1 0
|2 ddc
|4 0
|6 954_920500000000000_SHA
|7 0
|9 43973
|a SCL
|b SCL
|c GEN
|d 2008-07-28
|g 198.00
|l 3
|m 1
|o 954.9205 SHA
|p 3020006942
|r 2023-08-27
|s 2023-08-16
|t 9
|w 2014-11-05
|y BK
|
| 952 |
|
|
|0 0
|1 0
|2 ddc
|4 0
|6 954_920500000000000_SHA
|7 0
|9 43974
|a SCL
|b SCL
|c GEN
|d 2008-07-28
|g 198.00
|l 0
|o 954.9205 SHA
|p 3020006948
|r 2014-11-05
|t 15
|w 2014-11-05
|y BK
|
| 952 |
|
|
|0 0
|1 0
|2 ddc
|4 0
|6 954_920500000000000_SHA
|7 0
|9 43975
|a SCL
|b SCL
|c GEN
|d 2008-07-28
|g 198.00
|l 1
|m 2
|o 954.9205 SHA
|p 3020006934
|r 2018-02-28
|s 2018-02-13
|t 1
|w 2014-11-05
|y BK
|
| 952 |
|
|
|0 0
|1 0
|2 ddc
|4 0
|6 954_920500000000000_SHA
|7 0
|9 43976
|a SCL
|b SCL
|c GEN
|d 2008-07-28
|g 198.00
|l 1
|m 2
|o 954.9205 SHA
|p 3020006941
|r 2022-12-21
|s 2022-12-07
|t 8
|w 2014-11-05
|y BK
|
| 952 |
|
|
|0 0
|1 0
|2 ddc
|4 0
|6 954_920500000000000_SHA
|7 0
|9 43977
|a SCL
|b SCL
|c GEN
|d 2008-07-28
|g 198.00
|l 1
|o 954.9205 SHA
|p 3020006946
|r 2019-02-22
|s 2019-02-14
|t 13
|w 2014-11-05
|y BK
|
| 952 |
|
|
|0 0
|1 0
|2 ddc
|4 0
|6 954_920500000000000_SHA
|7 0
|9 43978
|a SCL
|b SCL
|c GEN
|d 2008-07-28
|g 198.00
|l 0
|o 954.9205 SHA
|p 3020006940
|r 2014-11-05
|t 7
|w 2014-11-05
|y BK
|
| 952 |
|
|
|0 0
|1 0
|2 ddc
|4 0
|6 954_920500000000000_SHA
|7 0
|9 43979
|a SCL
|b SCL
|c GEN
|d 2008-07-28
|g 198.00
|l 0
|o 954.9205 SHA
|p 3020006947
|r 2014-11-05
|t 14
|w 2014-11-05
|y BK
|
| 952 |
|
|
|0 0
|1 0
|2 ddc
|4 0
|6 954_920500000000000_SHA
|7 0
|9 43980
|a SCL
|b SCL
|c GEN
|d 2008-07-28
|g 198.00
|l 1
|o 954.9205 SHA
|p 3020006938
|r 2022-12-22
|s 2022-12-21
|t 5
|w 2014-11-05
|y BK
|
| 952 |
|
|
|0 0
|1 0
|2 ddc
|4 0
|6 954_920500000000000_SHA
|7 0
|9 43981
|a SCL
|b SCL
|c GEN
|d 2008-07-28
|g 198.00
|l 0
|o 954.9205 SHA
|p 3020006935
|r 2014-11-05
|t 2
|w 2014-11-05
|y BK
|
| 952 |
|
|
|0 0
|1 0
|2 ddc
|4 0
|6 954_920500000000000_SHA
|7 0
|9 43982
|a SCL
|b SCL
|c GEN
|d 2008-07-28
|g 198.00
|l 2
|o 954.9205 SHA
|p 3020006945
|r 2018-04-03
|s 2018-04-03
|t 12
|w 2014-11-05
|y BK
|
| 952 |
|
|
|0 0
|1 0
|2 ddc
|4 0
|6 954_920500000000000_SHA
|7 0
|9 44151
|a SCL
|b SCL
|c GEN
|d 2014-11-23
|g 198.00
|l 1
|o 954.9205 SHA
|p 3020006944
|r 2019-03-16
|s 2019-03-09
|t 11
|w 2014-11-23
|y BK
|
| 952 |
|
|
|0 0
|1 0
|2 ddc
|4 0
|6 954_920500000000000_SHA
|7 0
|9 54712
|a SCL
|b SCL
|c GEN
|d 2015-07-05
|g 195.00
|l 1
|m 3
|o 954.9205 SHA
|p 3020006937
|r 2019-04-08
|s 2019-03-13
|t 4
|w 2015-07-05
|y BK
|
| 952 |
|
|
|0 0
|1 0
|2 ddc
|4 0
|6 954_920500000000000_SHA
|7 0
|9 57120
|a SCL
|b SCL
|c GEN
|d 2015-12-01
|g 198.00
|l 2
|m 1
|o 954.9205 SHA
|p 3020006936
|r 2022-12-21
|s 2022-12-16
|t 3
|w 2015-12-01
|y BK
|
| 952 |
|
|
|0 0
|1 0
|2 ddc
|4 0
|6 954_920500000000000_SHA
|7 0
|9 62163
|a BRACUL
|b BRACUL
|c BNC
|d 2017-12-06
|e Fair Deal
|g 197.50
|l 0
|o 954.9205 SHA
|p 3010017351
|r 2017-12-06
|t 17
|w 2017-12-06
|y BK
|x Requisitioned by Kh Ali Murtoza, Ayesha Abed Library, BRAC University.
|